[Event "GER-chT U14 Girls"]
[Site "Stuttgart"]
[Date "2007.12.29"]
[Round "5.4"]
[White "Popova, Alena"]
[Black "Billepp, Dana Marie"]
[Result "0-1"]
[WhiteElo "729"]
[BlackElo "748"]
[PlyCount "100"]
[EventDate "2007.12.27"]
[EventType "team-swiss"]
[EventRounds "7"]
[EventCountry "GER"]
[SourceTitle "EXT 2009"]
[Source "ChessBase"]
[SourceDate "2008.11.26"]
[SourceVersion "1"]
[SourceVersionDate "2008.11.26"]
[SourceQuality "1"]
[WhiteTeam "Porz SG U14 Girls"]
[BlackTeam "Rossdorf SC Ladja U14 Girls"]
[WhiteTeamCountry "GER"]
[BlackTeamCountry "GER"]

1. e4 e5 2. Nf3 Nc6 3. Bc4 Bc5 4. d3 Nf6 5. Ng5 Rf8 6. 0-0 d6 7. b3 h6 8. a4 Ng4 9. Nf3 a6 10. Bb2 f6 11. h3 Ne3 12. fxe3 Bxe3+ 13. Kh1 g5 14. Nh4 Rg8 15. Qh5+ Kd7 16. Qf7+ Ne7 17. Rxf6 gxh4 18. Qe6+ Ke8 19. Qf7+ Kd7 20. Be6+ Kc6 21. b4 Kb6 22. Nc3 Ka7 23. b5 Bd7 24. bxa6 Kxa6 25. Bc4+ Ka7 26. Nb5+ Bxb5 27. axb5+ Kb8 28. Rxa8+ Kxa8 29. Rf1 Rf8 30. Ra1+ Kb8 31. Qe6 Rf2 32. Qg4 Qf8 33. d4 Rxc2 34. Ba3 Rxc4 35. d5 Rc2 36. b6 cxb6 37. Bxd6+ Rc7 38. Bxc7+ Kxc7 39. Rb1 Qf6 40. Qe2 Bc5 41. Qa2 Qf4 42. Qe2 Qg5 43. Qe1 Ng6 44. Qe2 Nf4 45. Rf1 Nxe2 46. Rf7+ Kc8 47. Rf1 Ng3+ 48. Kh2 Nxf1+ 49. Kh1 Qg3 50. d6 Qh2# 0-1

[Event "GER-chT U14 Girls"]
[Site "Stuttgart"]
[Date "2007.12.27"]
[Round "2.4"]
[White "Wilkens, Samantha"]
[Black "Popova, Alena"]
[Result "1/2-1/2"]
[WhiteElo "980"]
[BlackElo "729"]
[PlyCount "86"]
[EventDate "2007.12.27"]
[EventType "team-swiss"]
[EventRounds "7"]
[EventCountry "GER"]
[SourceTitle "EXT 2009"]
[Source "ChessBase"]
[SourceDate "2008.11.26"]
[SourceVersion "1"]
[SourceVersionDate "2008.11.26"]
[SourceQuality "1"]
[WhiteTeam "Stader SV U14 Girls"]
[BlackTeam "Porz SG U14 Girls"]
[WhiteTeamCountry "GER"]
[BlackTeamCountry "GER"]

1. d4 Nc6 2. Nf3 d5 3. Bf4 e6 4. e3 Bd6 5. Bxd6 Qxd6 6. Nc3 Bd7 7. Bd3 Nf6 8. Qd2 a6 9. 0-0-0 Nb4 10. Kb1 Nxd3 11. Qxd3 Ng4 12. Qe2 0-0 13. h3 Nf6 14. g4 b5 15. g5 Ne8 16. Rdg1 g6 17. Qd3 c5 18. dxc5 Qxc5 19. Ne5 Bc6 20. f4 b4 21. Ne2 Bb5 22. Qd2 a5 23. c3 Qd6 24. Nd4 Ba6 25. h4 Ng7 26. Ne2 Rab8 27. Ng3 b3 28. a3 a4 29. h5 Bb7 30. hxg6 fxg6 31. Rh2 d4 32. e4 h5 33. cxd4 Qb6 34. Nd7 Qa7 35. Nxf8 Rxf8 36. Rf1 Ba6 37. Rff2 e5 38. f5 Rc8 39. fxg6 Qc7 40. Rh1 exd4 41. Rf7 Qxg3 42. Qxd4 Ne8 43. g7 Kxf7 1/2-1/2